书目信息 |
| 题名: |
地平线上的车站
|
|
| 作者: | 雷马克 著 ;高中甫 , 黄明嘉 译 | |
| 分册: | ||
| 出版信息: | 南京 译林出版社 2002.03 |
|
| 页数: | 562页 | |
| 开本: | 20cm | |
| 丛书名: | 译林世界文学名著·现当代系列 | |
| 单 册: | ||
| 中图分类: | I516.45 | |
| 科图分类: | ||
| 主题词: | 长篇小说--chang pian xiao shuo--德国--现代 | |
| 电子资源: | ||
| ISBN: | 7-80657-313-5 | |
| 000 | 01343nam 2200301 450 | |
| 001 | 012008615791 | |
| 005 | 20080508094328.67 | |
| 010 | @a7-80657-313-5@b精装@dCNY23.80 | |
| 100 | @a20080508d2002 em y0chiy0120 ea | |
| 101 | 1 | @achi@cger |
| 102 | @aCN@b320000 | |
| 105 | @ay z 000ay | |
| 106 | @ar | |
| 200 | 1 | @a地平线上的车站@Adi ping xian shang de che zhan@d= Station am horizont@a天涯羁旅@Atian ya ji lu@d= Das gelobte land@f(德) 埃里希·玛丽亚·雷马克著@F(de)ai li xi·ma li ya·lei ma ke zhu@g高中甫, 黄明嘉译@Ggao zhong fu,huang ming jia yi@zger |
| 210 | @a南京@c译林出版社@d2002.03 | |
| 215 | @a562页@d20cm | |
| 225 | 2 | @a译林世界文学名著·现当代系列@Ayi lin shi jie wen xue ming zhu·xian dang dai xi lie |
| 330 | @a《地平线上的车站》富有生活哲理,具有较高的审美价值,有助于读者全面了解雷马克的创作道路。《天涯羁旅》是德国著名作家雷马克的遗著,一九九八年首次在德国出版,中译本在国内也是第一次出版。 | |
| 410 | 0 | @12001 @a译林世界文学名著·现当代系列 |
| 500 | 10 | @aStation am horizont@mChinese |
| 500 | 10 | @aDas gelobte land@mChinese |
| 606 | 0 | @a长篇小说@Achang pian xiao shuo@y德国@z现代 |
| 690 | @aI516.45@v4 | |
| 701 | 1 | @a雷马克@Alei ma ke@g(Remarque, E. M.)@4著 |
| 702 | 0 | @a高中甫@Agao zhong fu@4译 |
| 702 | 0 | @a黄明嘉@Ahuang ming jia@4译 |
| 801 | 0 | @aCN@bQSSK@c20080508 |
| 905 | @b706090@dI516.45@eL084@f1 | |
| 地平线上的车站= Station am horizont;天涯羁旅= Das gelobte land/(德) 埃里希·玛丽亚·雷马克著/高中甫, 黄明嘉译.-南京:译林出版社,2002.03 |
| 562页;20cm.-(译林世界文学名著·现当代系列) |
| ISBN 7-80657-313-5(精装):CNY23.80 |
| 《地平线上的车站》富有生活哲理,具有较高的审美价值,有助于读者全面了解雷马克的创作道路。《天涯羁旅》是德国著名作家雷马克的遗著,一九九八年首次在德国出版,中译本在国内也是第一次出版。 |
| ● |
| 相关链接 |
|
|
|
正题名:地平线上的车站
索取号:I516.45/L084
 
预约/预借
| 序号 | 登录号 | 条形码 | 馆藏地/架位号 | 状态 | 备注 |
| 1 | 706090 | 207060909 | 文学库116/116文学库 17排6列4层/ [索取号:I516.45/L084] | 在馆 |